2020 NFL Statistical Leaders - Statistics

General Stats
  • This quiz has been taken 610 times
  • The average score is 25 of 49
Answer Stats
Statistic Value Player % Correct
Passing yards / passer rating 4,740 Tom Brady
95%
Passing yards / passer rating 4,623 Patrick Mahomes
94%
Passing yards / passer rating 4,299 Aaron Rodgers
88%
Rushing yards / scrimmage TDs 2,027 Derrick Henry
84%
Passing yards / passer rating 4,544 Josh Allen
83%
Passing yards / passer rating 4,823 Deshaun Watson
81%
Rushing yards 1,104 Aaron Jones
77%
Rushing yards 1,005 Lamar Jackson
77%
Sacks 15.0 T.J. Watt
75%
Receiving yards 1,276 Tyreek Hill
73%
Scrimmage TDs 17 Tyreek Hill
73%
Receiving yards / scrimmage TDs 1,374 Davante Adams
72%
Passer rating 106.4 Drew Brees
71%
Passing yards / passer rating 4,212 Russell Wilson
70%
Receiving yards 1,416 Travis Kelce
65%
Passing yards 4,336 Justin Herbert
63%
Receiving yards 1,535 Stefon Diggs
63%
Receiving yards 1,400 Justin Jefferson
62%
Passing yards 4,581 Matt Ryan
61%
Receiving yards 1,407 DeAndre Hopkins
60%
Passing yards / passer rating 4,265 Kirk Cousins
60%
Scrimmage TDs 12 A.J. Brown
57%
Sacks 13.5 Aaron Donald
55%
Passing yards 4,169 Philip Rivers
55%
Rushing yards / scrimmage TDs 1,557 Dalvin Cook
53%
Passer rating 101.4 Derek Carr
51%
Scrimmage TDs 13 Mike Evans
51%
Sacks 12.0 Myles Garrett
48%
Sacks 12.5 Za'Darius Smith
48%
Rushing yards / scrimmage TDs 1,169 Jonathan Taylor
47%
Passer rating 106.5 Ryan Tannehill
47%
Receiving yards 1,303 D.K. Metcalf
45%
Rushing yards / scrimmage TDs 1,067 Nick Chubb
45%
Scrimmage TDs 21 Alvin Kamara
44%
Rushing yards / scrimmage TDs 1,065 Josh Jacobs
39%
Scrimmage TDs 14 Adam Thielen
35%
Sacks 11.5 Leonard Williams
34%
Scrimmage TDs 13 Cam Newton
33%
Receiving yards 1,250 Allen Robinson
30%
Rushing yards 1,070 James Robinson
30%
Receiving yards 1,374 Calvin Ridley
26%
Rushing yards 1,070 David Montgomery
24%
Receiving yards 1,196 Darren Waller
21%
Sacks 13.5 Trey Hendrickson
18%
Rushing yards 986 Melvin Gordon
16%
Sacks 12.5 Haason Reddick
9%
Sacks 10.5 Leonard Floyd
7%
Sacks 10.0 Romeo Okwara
4%
Sacks 11.0 Stephon Tuitt
4%
No matching quizzes found
Score Distribution
Percent of People with Each Score
Percentile by Number Answered
Your Score History
You have not taken this quiz